| 000 | 00554nam a2200193 u 4500 | ||
|---|---|---|---|
| 005 | 20210223133617.0 | ||
| 008 | 180622s2004 po r 000 0 por d | ||
| 035 | _aUPN01000225713 | ||
| 049 | _aCG | ||
| 050 | 4 |
_aLC1099.5 P8 _bP4.3 |
|
| 100 | 1 |
_aPereira, Anabela _941802 |
|
| 245 | 1 | 0 |
_aEducacáo multicultural : _bteorias e práticas / _cAnabela Pereira. |
| 260 |
_aLisboa : _bASA, _c2004. |
||
| 300 | _a127 p. | ||
| 440 | 0 |
_aCadernos do CRIAP ; _v42 |
|
| 650 | 4 |
_aEDUCACION MULTICULTURAL - _zPORTUGAL _926825 |
|
| 905 | _aLibro | ||
| 999 |
_c197809 _d197809 |
||